[Event "Blackpool op 39th"]
[Site "Blackpool"]
[Date "2015.03.08"]
[Round "4"]
[White "Surtees, Michael"]
[Black "Broadley, Henry"]
[Result "1-0"]
[WhiteElo "2131"]
[BlackElo "1998"]
[PlyCount "110"]
[EventDate "2015.03.06"]
[EventType "swiss"]
[EventRounds "5"]
[EventCountry "ENG"]
[SourceTitle "CBM 165 Extra"]
[Source "ChessBase"]
[SourceDate "2015.04.21"]
[SourceVersion "1"]
[SourceVersionDate "2015.04.21"]
[SourceQuality "1"]

1. e4 c5 2. c3 d5 3. f3 e5 4. Qb3 Nf6 5. exd5 Bd6 6. c4 0-0 7. d3 Nh5 8. Be3 f5 9. Nc3 a6 10. Nge2 Qc7 11. Kd2 Re8 12. a4 Qa5 13. Kc2 Nd7 14. Bd2 Qc7 15. g4 fxg4 16. fxg4 Nhf6 17. Ng3 e4 18. Ngxe4 Nxe4 19. Nxe4 Ne5 20. Be2 b6 21. Bf4 Nf7 22. Bxd6 Nxd6 23. Bf3 Bd7 24. Qc3 Rab8 25. h3 Nf7 26. b3 b5 27. axb5 axb5 28. Bg2 Qf4 29. Rhf1 Qh6 30. Ra7 Ne5 31. Qd2 Qb6 32. Qa5 bxc4 33. Qxb6 cxd3+ 34. Kc3 Rxb6 35. Nxc5 Bb5 36. Ne6 Rc8+ 37. Kd4 Nd7 38. b4 d2 39. Rd1 Rc2 40. Ra8+ Nb8 41. Ke3 Rb2 42. Rxd2 Rxb4 43. d6 Kf7 44. Nc5 Nd7 45. Ra7 Ke8 46. Ne6 Kf7 47. Nc7 Rb3+ 48. Kf2 Rd3 49. Rxd3 Bxd3 50. Bd5+ Kg6 51. Ke3 Bf1 52. Ne8 Bb5 53. h4 Kh6 54. Kd4 Rb8 55. Bf7 Nf6 1-0

[Event "Leyland op"]
[Site "Leyland"]
[Date "2013.08.25"]
[Round "3"]
[White "Doran, Chris"]
[Black "Broadley, Henry"]
[Result "0-1"]
[WhiteElo "1986"]
[BlackElo "1959"]
[PlyCount "42"]
[EventDate "2013.08.24"]
[EventType "swiss"]
[EventRounds "6"]
[EventCountry "ENG"]
[SourceTitle "CBM 156 Extra"]
[Source "ChessBase"]
[SourceDate "2013.10.22"]
[SourceVersion "1"]
[SourceVersionDate "2013.10.22"]
[SourceQuality "1"]

1. e4 c5 2. Nf3 d6 3. d4 cxd4 4. Nxd4 Nf6 5. Nc3 g6 6. Be3 Bg7 7. f3 0-0 8. Qd2 Nc6 9. g4 Be6 10. Nxe6 fxe6 11. 0-0-0 Ne5 12. Be2 Qc8 13. Kb1 Nc4 14. Bxc4 Qxc4 15. Ne2 Nd7 16. b3 Qa6 17. Nf4 Nc5 18. Rhf1 Rac8 19. Nd3 Rc6 20. Nxc5 dxc5 21. Bh6 Qxa2+ 0-1

[Event "GBR-ch 100th"]
[Site "Torquay"]
[Date "2013.08.02"]
[Round "5"]
[White "Longson, Sarah N"]
[Black "Broadley, Henry"]
[Result "1/2-1/2"]
[WhiteElo "2124"]
[BlackElo "1953"]
[PlyCount "57"]
[EventDate "2013.07.29"]
[EventType "swiss"]
[EventRounds "11"]
[EventCountry "ENG"]
[SourceTitle "CBM 155 Extra"]
[Source "ChessBase"]
[SourceDate "2013.08.26"]
[SourceVersion "1"]
[SourceVersionDate "2013.08.26"]
[SourceQuality "1"]

1. e4 c5 2. Nf3 d6 3. d4 cxd4 4. Nxd4 Nf6 5. Nc3 g6 6. Be3 Bg7 7. f3 0-0 8. Qd2 Nc6 9. Bc4 Bd7 10. 0-0-0 Rc8 11. Bb3 Ne5 12. Kb1 Re8 13. h4 h5 14. Bh6 Nc4 15. Bxc4 Rxc4 16. Bxg7 Kxg7 17. Nd5 Nxd5 18. exd5 Ra4 19. Rhe1 Qa5 20. Qxa5 Rxa5 21. Nb3 Ra4 22. Nd4 Ra5 23. Nb3 Ra4 24. g3 Rc4 25. Rd2 Bf5 26. Kc1 Kf6 27. c3 a6 28. a3 Rec8 29. Re3 1/2-1/2

[Event "Glorney Cup"]
[Site "Cardiff"]
[Date "2013.07.23"]
[Round "5.3"]
[White "Koehn, Lennart"]
[Black "Broadley, Henry"]
[Result "0-1"]
[WhiteElo "1682"]
[BlackElo "1953"]
[PlyCount "50"]
[EventDate "2013.07.21"]
[EventType "team-tourn"]
[EventRounds "6"]
[EventCountry "ENG"]
[SourceTitle "CBM 155 Extra"]
[Source "ChessBase"]
[SourceDate "2013.08.26"]
[SourceVersion "1"]
[SourceVersionDate "2013.08.26"]
[SourceQuality "1"]
[WhiteTeam "Scotland"]
[BlackTeam "England"]
[WhiteTeamCountry "SCO"]
[BlackTeamCountry "ENG"]

1. e4 c5 2. Nf3 d6 3. d4 cxd4 4. Nxd4 Nf6 5. Nc3 g6 6. Be2 Bg7 7. Be3 0-0 8. Qd2 Nc6 9. 0-0-0 Bd7 10. h3 Rc8 11. g4 Nxd4 12. Bxd4 Bc6 13. g5 Nxe4 14. Nxe4 Bxe4 15. c3 Bxh1 16. Rxh1 Bxd4 17. Qxd4 Qa5 18. h4 Qxa2 19. Bf3 Qc4 20. Qe3 Qc5 21. Qxe7 Qxf2 22. Qf6 b5 23. h5 Qe3+ 24. Kc2 Qe5 25. hxg6 fxg6 0-1

[Event "Glorney Cup"]
[Site "Cardiff"]
[Date "2013.07.22"]
[Round "3.3"]
[White "Broadley, Henry"]
[Black "Rodgers, Philippe"]
[Result "0-1"]
[WhiteElo "1953"]
[BlackElo "1726"]
[PlyCount "50"]
[EventDate "2013.07.21"]
[EventType "team-tourn"]
[EventRounds "6"]
[EventCountry "ENG"]
[SourceTitle "CBM 155 Extra"]
[Source "ChessBase"]
[SourceDate "2013.08.26"]
[SourceVersion "1"]
[SourceVersionDate "2013.08.26"]
[SourceQuality "1"]
[WhiteTeam "England"]
[BlackTeam "Wales"]
[WhiteTeamCountry "ENG"]
[BlackTeamCountry "WLS"]

1. d4 e6 2. c4 Bb4+ 3. Nc3 b6 4. f3 Bb7 5. Nh3 f5 6. Nf2 Nf6 7. Qd3 0-0 8. e4 fxe4 9. fxe4 d5 10. e5 Ne4 11. Be3 Qh4 12. Qc2 c5 13. a3 cxd4 14. Bxd4 Nc6 15. Be3 Bxc3+ 16. bxc3 Nxe5 17. g3 Nf3+ 18. Kd1 Nxf2+ 19. Bxf2 Qh6 20. Qc1 Qg6 21. Qe3 Rad8 22. Kc1 d4 23. cxd4 Nxd4 24. Bd3 Nb3+ 25. Kc2 Rxd3 0-1

[Event "Chester e2e4 op-A"]
[Site "Chester"]
[Date "2013.01.20"]
[Round "4"]
[White "Rabbitte, Liam F"]
[Black "Broadley, Henry"]
[Result "1-0"]
[WhiteElo "2076"]
[BlackElo "1936"]
[PlyCount "95"]
[EventDate "2013.01.18"]
[EventType "swiss"]
[EventRounds "5"]
[EventCountry "ENG"]
[SourceTitle "CBM 152 Extra"]
[Source "ChessBase"]
[SourceDate "2013.02.25"]
[SourceVersion "1"]
[SourceVersionDate "2013.02.25"]
[SourceQuality "1"]

1. e4 c5 2. Nc3 Nc6 3. Bb5 Nd4 4. Bc4 e6 5. Nge2 Nf6 6. 0-0 a6 7. d3 b5 8. Bb3 Nxb3 9. axb3 Bb7 10. Bg5 Be7 11. Ng3 h6 12. Bd2 Qb6 13. Qe2 h5 14. Nd1 h4 15. Nh1 d5 16. e5 Nh5 17. c4 Qc6 18. f3 g5 19. Nhf2 Ng7 20. Ne3 d4 21. Neg4 Nf5 22. Ne4 h3 23. g3 0-0-0 24. Ra5 Qb6 25. Rfa1 Rdg8 26. cxb5 axb5 27. Nef6 Rd8 28. Ne4 Rhg8 29. Ngf6 Bxf6 30. Nxf6 Rg6 31. b4 cxb4 32. Bxb4 Qc6 33. Ne4 Kb8 34. Bc5 Kc7 35. b4 Ra8 36. Rxa8 Bxa8 37. Ra7+ Bb7 38. Ra2 Kd8 39. Kf2 g4 40. f4 Qd5 41. Bb6+ Ke8 42. Qc2 Kf8 43. Qc5+ Ke8 44. Ra8+ Bxa8 45. Qc8+ Ke7 46. Bc5+ Qxc5 47. Qxc5+ Kd7 48. Qa7+ 1-0

[Event "BCF-ch U16"]
[Site "North Shields"]
[Date "2012.07.23"]
[Round "1.5"]
[White "Shepherd, Katherine M"]
[Black "Broadley, Henry"]
[Result "1/2-1/2"]
[WhiteElo "1766"]
[BlackElo "1898"]
[PlyCount "55"]
[EventDate "2012.07.23"]
[EventType "swiss"]
[EventRounds "7"]
[EventCountry "ENG"]
[SourceTitle "EXT 2023"]
[Source "ChessBase"]
[SourceDate "2022.10.05"]
[SourceVersion "1"]
[SourceVersionDate "2022.10.05"]
[SourceQuality "1"]

1. d4 Nf6 2. Nf3 g6 3. Nc3 d5 4. Bf4 Bg7 5. Qd2 Ne4 6. Nxe4 dxe4 7. Ne5 Be6 8. e3 Nd7 9. Bc4 Bxe5 10. Bxe5 Nxe5 11. Bxe6 fxe6 12. dxe5 Qxd2+ 13. Kxd2 0-0-0+ 14. Ke2 Rd5 15. Rad1 Rxe5 16. b4 c5 17. a3 Rd8 18. Rxd8+ Kxd8 19. c4 Rg5 20. g3 b6 21. h3 Rf5 22. Rd1+ Kc7 23. bxc5 bxc5 24. Rb1 Rf8 25. Rb5 Kc6 26. Ra5 Ra8 27. Ra6+ Kd7 28. Ra5 1/2-1/2

[Event "EU-ch U14"]
[Site "Albena"]
[Date "2011.09.19"]
[Round "8"]
[White "Broadley, Henry"]
[Black "Vatinyan, Gor"]
[Result "1-0"]
[WhiteElo "1843"]
[BlackElo "2003"]
[PlyCount "40"]
[EventDate "2011.09.11"]
[EventType "swiss"]
[EventRounds "9"]
[EventCountry "BUL"]
[SourceTitle "CBM 144 Extra"]
[Source "ChessBase"]
[SourceDate "2011.10.28"]
[SourceVersion "1"]
[SourceVersionDate "2011.10.28"]
[SourceQuality "1"]

1. d4 Nf6 2. c4 b6 3. Nc3 Bb7 4. Qc2 e6 5. Bg5 h6 6. Bh4 c5 7. d5 g5 8. Bg3 exd5 9. cxd5 Nxd5 10. Be5 Nf6 11. Nb5 Na6 12. Qf5 Ne4 13. Bxh8 Nb4 14. 0-0-0 a6 15. Nc3 Qe7 16. a3 0-0-0 17. Nxe4 Bxe4 18. Qe5 f6 19. Bxf6 Nc6 20. Qxe7 Bxe7 1-0

[Event "Leyland op"]
[Site "Leyland"]
[Date "2010.08.30"]
[Round "5"]
[White "Broadley, Henry"]
[Black "Jaunooby, Ali Reza"]
[Result "0-1"]
[WhiteElo "1736"]
[BlackElo "2155"]
[PlyCount "60"]
[EventDate "2010.08.28"]
[EventType "swiss"]
[EventRounds "6"]
[EventCountry "ENG"]
[SourceTitle "CBM 138 Extra"]
[Source "ChessBase"]
[SourceDate "2010.10.29"]
[SourceVersion "1"]
[SourceVersionDate "2010.10.29"]
[SourceQuality "1"]

1. d4 g6 2. c4 Bg7 3. e4 c5 4. d5 e5 5. Nc3 d6 6. Be3 Ne7 7. Qd2 h6 8. 0-0-0 a6 9. Bd3 f5 10. f4 exf4 11. Bxf4 g5 12. Bg3 f4 13. Bf2 Nd7 14. g3 Ng6 15. h4 Nde5 16. Be2 Ng4 17. Bxg4 Bxg4 18. Re1 Ne5 19. gxf4 gxf4 20. Qc2 b5 21. h5 bxc4 22. Qa4+ Bd7 23. Qc2 Nd3+ 24. Kb1 Rb8 25. Nd1 Nxb2 26. Nxb2 c3 27. e5 Rxb2+ 28. Kc1 Rxc2+ 29. Kxc2 Bf5+ 30. Kxc3 Qa5+ 0-1

[Event "Leyland op"]
[Site "Leyland"]
[Date "2010.08.30"]
[Round "6"]
[White "Keogh, Edward Augustine"]
[Black "Broadley, Henry"]
[Result "0-1"]
[WhiteElo "2028"]
[BlackElo "1736"]
[PlyCount "61"]
[EventDate "2010.08.28"]
[EventType "swiss"]
[EventRounds "6"]
[EventCountry "ENG"]
[SourceTitle "CBM 138 Extra"]
[Source "ChessBase"]
[SourceDate "2010.10.29"]
[SourceVersion "1"]
[SourceVersionDate "2010.10.29"]
[SourceQuality "1"]

1. e4 c5 2. Nf3 d6 3. Bb5+ Bd7 4. Bxd7+ Qxd7 5. 0-0 Nc6 6. c3 Nf6 7. d4 cxd4 8. cxd4 d5 9. e5 Ne4 10. Ne1 h6 11. f3 Ng5 12. Nc3 e6 13. Be3 Be7 14. a3 Rc8 15. Qd3 Na5 16. Kh1 Nc4 17. Rf2 Qc7 18. Nd1 Qa5 19. Bd2 Nxd2 20. Rxd2 Bb4 21. Rc2 0-0 22. Rxc8 Rxc8 23. Nc2 Be7 24. Nde3 Qb6 25. b4 a5 26. b5 Qc7 27. Kg1 f5 28. Ne1 Nf7 29. Ra2 Qc1 30. Kf1 Rc3 31. Qe2 0-1